| 000 | 00528nam a22001577a 4500 | ||
|---|---|---|---|
| 003 | OSt | ||
| 005 | 20151130143653.0 | ||
| 008 | 151130b xxu||||| |||| 00| 0 eng d | ||
| 040 | _cRUA | ||
| 082 | _aFIS NOU 1996 B163 Or.1 | ||
| 100 |
_94029 _aNOUV, BUNTHA. |
||
| 245 | _aFishery inspection activities in phnom Penh mulnicipal, សកម្មភាពអធិការកិច្ចជលផល រាជធានីភ្នំពេញ | ||
| 260 |
_aPhnom Penh _bRUA _c1996 |
||
| 300 |
_a72p. _bill. _c29cm. |
||
| 942 |
_2ddc _cFIS |
||
| 999 |
_c3748 _d3748 |
||